000
00385nam a2200133Ia 4500
008
100328s9999 xx 000 0 und d
082
_b
59055
100
_a
तांबे नरेन.
245
_a
ग्रंथसहवास.
260
_b
ग्रंथाली.
630
_a
ग्रंथसहवास.
730
_a
ग्रंथसहवास.
942
_c
BOOK
999
_c
545320
_d
545317